Bor, barátság, szerelem o nakrúcaní slovensko-gruzinského filmu "Rača, láska moja"
| Format: | Article |
|---|---|
| Language: | Hungarian |
| PhysicalDescription: | Obr. |
| Subjects: |
MARC
| LEADER | 00000nab a2200000 a 4500 | ||
|---|---|---|---|
| 001 | vtls008961868 | ||
| 003 | SK-MaSNL | ||
| 005 | 20260303070712.0 | ||
| 008 | 070219 1977 xo 000 0 hun | ||
| 015 | |a SNBRB1977 | ||
| 040 | |a SNKBUCL |b slo |c SNKBUCL |e AACR2 | ||
| 041 | 0 | |a hun | |
| 044 | |a xo |c SK | ||
| 080 | |a 791.43(437.6+479.22) |2 2001 | ||
| 245 | 0 | 0 | |a Bor, barátság, szerelem |b o nakrúcaní slovensko-gruzinského filmu "Rača, láska moja" |c [tölgyessi] |
| 300 | |a Obr. | ||
| 630 | 0 | 7 | |a Rača, láska moja (film) |2 snkbucl |9 1048396 |
| 773 | 0 | |t Új Szó |g Roč. 30, č. 1 (1977), s. 10 | |
| 999 | |c 1756574 |d 1758504 | ||


